00450nam a2200157Ia 4500003000400000005001700004008004100021020001800062040000900080082002300089100002100112245009400133260004300227300000900270650001300279OSt20200201103123.0190216s9999||||xx |||||||||||||| ||und|| a9789839541410 coclc a377.9709595bHAS/E a Hashim, Rosnani 0aEducational Dualism In Malaysia :bImplications For Theory And Practice /cRosnani Hashim bThe Other Press,c2004.aKuala Lumpur: a271p aPolitics